MDQL
is popping MORE tags! Check the
thread
!
Quizzes
Events
Quiz Creation
Community
Videos
Private Events
Remove Ads
Sign In
Join for FREE
Feedback
Dark Mode
Quiz Categories
Sports
Geography
Music
Movies
Television
Just For Fun
Miscellaneous
History
Literature
Language
Science
Gaming
Entertainment
Religion
Holiday
For Kids
Quiz Lab
Recent
Popular Today
Quiz Kudos Today
Editor Picks
Curator Picks
Quizzes by...
Day
Popularity
Type
Ratings
Length
Year
Community
Subscriptions
Recent Discussions
Orange Saloon
Badges
Playlists
Quests
Create
Leaderboards
Showdown
Live 5
Trivia Bingo
Activity
Puzzle Library
Sporcle Events
Private Events
Virtual Trivia
Globe League
Become a Host
Pub Owners
SporcleCon
Opinionation
Our Games
Videos
Blog
Mobile Apps
Partnerships
Remove Ads and Go Orange
Feedback
Sports
Athletes
MLB
NBA
NHL
NFL
Soccer
Sports Teams
WWE
NCAA
Football
Premier League
Basketball
Baseball
Hockey
Golf
Tennis
Cricket
Rugby
Auto Racing
Olympics
World Cup
Sports
Athletes
MLB
NBA
NHL
NFL
Soccer
Sports Teams
WWE
NCAA
Football
Premier League
Basketball
Baseball
Hockey
Golf
Tennis
Cricket
Rugby
Auto Racing
Olympics
World Cup
Random Quiz
Search Sporcle
×
Quiz Lab
Quiz Lab
Sports
2009
Type in answers that appear in a list
Type in answers that appear in a list
Classic
Best Score? Go Orange.
2009 NCAAF Ranked Teams Stats
Can you name the 2009 NCAA Football Teams that made the AP Top 25 at least once? ranked teams on the AP Poll?
By
tatef87
8m
44 Questions
1,199 Plays
1,199 Plays
1,199 Plays
Comments
Comments
Give Quiz Kudos
Give Quiz Kudos
-
- Ratings
hide this ad
Replay
Link that replays current quiz
Next Quiz
Link to next quiz in quiz playlist
You Got
0%
They Got
Avg Score
81%
Avg Friend Score
Upgrade to see
Score Distribution
Jump to the score distribution portion of the page
Score
0/44
Timer
08:00
0
Plays Today
Ranking
Team
% Correct
Alabama
99.2%
Florida
99%
Texas
98.4%
Ohio State
95.9%
Michigan
95.9%
Oklahoma
95.5%
USC
95.4%
Boise State
94.2%
Oregon
94%
Georgia
92.4%
Florida State
92.2%
LSU
90.7%
Miami (FL)
89.7%
TCU
89.6%
Texas Tech
89.6%
Oregon State
88.5%
North Carolina
87.7%
Penn State
87.2%
Virginia Tech
86.6%
Iowa
86.2%
Oklahoma State
85.7%
Arizona
85.2%
Ranking
Team
% Correct
Notre Dame
85.1%
Georgia Tech
84.5%
South Carolina
84.2%
Nebraska
83.9%
Wisconsin
83.9%
Kansas
83.5%
Washington
81.8%
Mississippi
81.2%
Auburn
81%
California
80.2%
Utah
78.1%
West Virginia
76.2%
Stanford
76.1%
Missouri
74.9%
Pittsburgh
74.2%
Clemson
70.3%
Cincinnati
68.1%
Brigham Young
65.6%
Rutgers
51.9%
Houston
43.6%
South Florida
40.8%
Central Michigan
21.4%
Quiz Playlist
Details
Report
Send in Message
Add To Playlist
Classic:
Type in answers that appear in a list
Quiz Source
Last Updated: Nov 15, 2018
Quiz Scoreboard
CHALLENGE
Sign Up to Join the Scoreboard
Show All
Scores
Hide
Comments
May contain spoilers
Recently Published
5x2 Blitz: Bands
by SL_Kpop136
Music
30s
Colored Red Africa Blitz
by spor1
Geography
30s
Find the 'City' Movie
by crazypaving
Movies
60s
More to Explore
Quiz From the Vault
Featured Blog Post
14 Easter Pick-up Lines to Find Eggs With
hide this ad
You Might Also Like...
Tags
2009
AP Poll
highest
NCAA Football
poll
season
team
Today's Top Quizzes in Sports
Browse Sports
hide this ad
Today's Top Quizzes in 2009
Browse 2009
Top Contributed Quizzes in Sports
1
Players with Multiple 50 Home Run Seasons
2
Who Needs Fielders?
3
Criteria MLB: Left Handed Sluggers
4
MLB Players with Two .350 Batting Average Seasons
5
Who Hit More Homers?
6
2020 F1 Drivers Logic Puzzle
7
NBA Teammate Connections
8
Premier League Clubs since 2000 (minefield)
9
MLB Teams by First Game
10
Top 10 NHL Goal Scorers of All Time
Explore More
Trending Topics
Anime
Marvel
Disney
Crossword
Harry Potter
NBA
Kpop
NFL
Pokémon
Soccer
WWE
Song
The Office
Country
Puzzle
hide this ad
More By:
tatef87
Quiz
Plays
Rating
Category
Featured
Created
Top 10 Things to do in the bathroom
10,470
3.22
Just For Fun
Sep 29, 2010
Largest Public Universities
3,136
2.72
Miscellaneous
Nov 26, 2009
Top 10 Most Populous Countries in 2050
2,633
2.67
Geography
Sep 29, 2010
2009 NCAAF Ranked Teams
1,199
3.67
Sports
Sep 24, 2010
Top 50 Cities in Oklahoma by Population
287
5.00
Geography
Aug 10, 2010
Go to Creator's Profile
Score Distribution
Quiz Creator Spotlight
tatef87
Follow
Send a Message
Quizzes Created
-
Created Quiz Play Count
-
More By This Creator
Popular Quizzes Today
1
Find the 'City' Movie
2
5x2 Blitz: Bands
3
Colored Red Africa Blitz
4
The Countries of the World
5
Find the US States - No Outlines Minefield
6
Find the US States
7
9x9 Crossword: Cartoon Network
8
US States
More Sports Quizzes
Who Did They Play For?
Quiz Lab
Trending Quizzes
Colored Red Africa Blitz II
Colored Red Europe Blitz I
Colored Red Africa Blitz III
Colored Red Europe Blitz II
Colored Red Europe Blitz III
Recently Updated
Champions League XIs: Real Madrid
pecheneg
Largest US Cities 1790-2010
pecheneg
Rides in Walt Disney World
pecheneg
Most Oscar Losses (Acting)
pecheneg
Beyoncé Albums
pecheneg
Leaping Animals
pecheneg
Reality TV Shows (A-Z)
bhenderson79
Rickey Henderson's Hall of Fame Teammates
pecheneg
Champions League XIs: Arsenal
pecheneg
Quick Pick: Celebrities in WWE's Hall of Fame
aduchscher
Trending Topics
NBA
Crossword
Anime
Disney
Marvel
Harry Potter
Kpop
The Office
Pokémon
WWE
Soccer
Country
NFL
Puzzle
Song
Your Account Isn't Verified!
In order to create a playlist on Sporcle, you need to verify the email address you used during registration. Go to your
Sporcle Settings
to finish the process.
Report this User
Report this user for behavior that violates our
Community Guidelines
.
Details:
Send Report
Go to the Sporcle.com Mobile Site →
Comments